| 000 | 00632nam a22001937a 4500 | ||
|---|---|---|---|
| 005 | 20180810104000.0 | ||
| 010 | _aENG-123710 | ||
| 020 |
_a9789384402327 _c895.00 |
||
| 035 | _aEN-107242 | ||
| 037 | _bDBAD/PUB | ||
| 082 | _a305.56 | ||
| 100 | _aMishra, Saroj Kr. | ||
| 245 |
_aDr. Bhim Rao Ambedkhar: _cby Saroj Kr. Mishra _bthe man of millennium / |
||
| 260 |
_bGyan Geeta Prakashan _c2017 _aDelhi |
||
| 270 |
_aF-7, Gali No. 1, Panchsheel Garden Extn., Naveen Shahdara, _bDelhi _e110032 |
||
| 300 |
_aviii,288p. _c22cm(Hb) |
||
| 500 | _aIt includes bibliography and index | ||
| 942 |
_2ddc _cEN _h305.56 _mMIS |
||
| 999 |
_c155732 _d155732 |
||